000 00623nam a2200181 i 4500
001 75394
003 ES-MaACL
005 20251005063053.0
007 t|
008 040924s1931 sp ||||1| spa d
100 1 _aGoyanes Capdevila, José,
_dd1876-1964
_959401
245 1 0 _aRelación de la sífilis con el cáncer, valor de la lucha antivenérea desde el punto de vista oncológico /
_cGoyanes.
260 _aMadrid :
_b[s.n.,
_c1931]
500 _aEs separata de: "Ecos Españoles de Dermatología y Sifiliografía"
650 0 4 _aSífilis.
_917092
852 _aES-MaACL
_j1756-F-3
999 _c75394
_d75394